|
|
|
|
| LEADER |
00000nam a2200000Ia 4500 |
| 001 |
381, 382, 383, 384, 385, 386, 387, 389, 388, 390 |
| 008 |
160829s1918 - 1920 xx 000 0 cat d |
| 110 |
|
|
|a Catalunya.
|b Mancomunitat.
|b Consell Permanent
|9 53060
|
| 710 |
2 |
|
|a Catalunya.
|b Mancomunitat
|9 53015
|
| 856 |
4 |
|
|u https://media.diba.cat/diba/fitxers/arxiu/mancomunitat/bib_390_1920_web.pdf
|y Octubre 1920
|
| 856 |
4 |
|
|u https://media.diba.cat/diba/fitxers/arxiu/mancomunitat/bib_389_1919_web.pdf
|y Juny 1920
|
| 856 |
4 |
|
|u https://media.diba.cat/diba/fitxers/arxiu/mancomunitat/bib_388_1919_web.pdf
|y Gener 1920
|
| 856 |
4 |
|
|u https://media.diba.cat/diba/fitxers/arxiu/mancomunitat/bib_387_1919_web.pdf
|y Setembre 1919
|
| 856 |
4 |
|
|u https://media.diba.cat/diba/fitxers/arxiu/mancomunitat/bib_386_1919_web.pdf
|y Maig 1919
|
| 856 |
4 |
|
|u https://media.diba.cat/diba/fitxers/arxiu/mancomunitat/bib_385_1919_web.pdf
|y Febrer 1919
|
| 856 |
4 |
|
|u https://media.diba.cat/diba/fitxers/arxiu/mancomunitat/bib_384_1918_web.pdf
|y Novembre 1918
|
| 856 |
4 |
|
|u https://media.diba.cat/diba/fitxers/arxiu/mancomunitat/bib_383_1918_web.pdf
|y Agost 1918
|
| 856 |
4 |
|
|u https://media.diba.cat/diba/fitxers/arxiu/mancomunitat/bib_382_1918_web.pdf
|y Maig 1918
|
| 856 |
4 |
|
|u https://media.diba.cat/diba/fitxers/arxiu/mancomunitat/bib_381_1917_web.pdf
|y Març 1918
|
| 952 |
|
|
|0 0
|1 0
|4 0
|6 M3103_M3104_M3105_M3106_M3107_M3108_M3109_M3110_M3111_M3112
|7 1
|9 45215
|a Arxiu
|b Arxiu
|d 2016-12-01
|l 0
|o M-3-103, M-3-104, M-3-105, M-3-106, M-3-107, M-3-108, M-3-109, M-3-110, M-3-111 M-3-112
|p 381, 382, 383, 384,
|r 2016-12-01 00:00:00
|w 2016-12-01
|y ARXIU
|
| 999 |
|
|
|c 48288
|d 48288
|
| 080 |
|
|
|a M-3-103, M-3-104, M-3-105, M-3-106, M-3-107, M-3-108, M-3-109, M-3-110, M-3-111 M-3-112
|
| 245 |
|
|
|a Resum dels acords del Consell Permanent dels mesos...
|
| 260 |
|
|
|a Barcelona :
|b (Imp. de la Casa de Caritat),
|c 1918 - 1920
|
| 300 |
|
|
|a 10 v. ;
|c 22 cm
|
| 590 |
|
|
|a Hi ha duplicats a: DUP-303 (nov. 1917/gen. 1918), DUP-145 i DUP-187 (febr./abr. 1918), DUP-146 (maig/jul. 1918), DUP-147 (agost/oct. 1918), DUP-156 i DUP-190 (nov. 1918/gen. 1919), DUP-157 (febr./abr. 1919), DUP-158 (maig/jul. 1919), DUP-142 (agost/oct. 1919), DUP-164 (nov. 1919/març 1920), DUP-164 (abr./set. 1920)
|
| 650 |
|
|
|a Catalunya. Mancomunitat. Consell Permanent
|x Informes
|9 30011
|
| 866 |
|
|
|a nov. 1917/gen. 1918, febr./abr. 1918, maig/jul. 1918, agost/oct. 1918, nov. 1918 - gen. 1919, febr./abr. 1919, maig/jul. 1919, agost/oct. 1919, nov. 1919 - març 1920, abr./set. 1920
|
| 901 |
|
|
|a Arxiu
|
| 942 |
|
|
|n 1
|2 udc
|